000 00696nam a2200205Ii 4500
003 JO-AjNU
008 230605s9999||||xx |||||||||||||| ||und||
040 _aJO-AjNU
_bara
_erda
_cJO-AjNU
041 _aara
050 1 4 _aLB1062.I2722 2002
100 3 _aالمغازي،إبراهيم محمد,
_eauthor
_920404
245 0 0 _aمفهوم الذات والمجتمع
250 _aط1
264 3 1 _aالقاهرة:مكتبة جزيرة الورد،2004
300 _a94ص
336 _atext
_btxt
_2rdacontent
337 _aunmediated
_bn
_2rdamedia
338 _avolume
_bnc
_2rdacarrier
650 4 _a علم النفس التربوي-مفهوم الذات. الأنا (علم نفس)
_920405
999 _aA6910
_c10478
_d10478